| 000 | 01051nam0a2200313 4500 | ||
|---|---|---|---|
| 001 | RU\NLR\BIBL_A\011661563 | ||
| 005 | 20180404150845.0 | ||
| 010 |
_a978-5-4338-0329-9 _9200 |
||
| 021 |
_aRU _bКН-П-18-0790 _9КН-П-18-011248 |
||
| 035 | _a(NLR Aleph) 011661563 | ||
| 035 | _a(RuMoRGB)009544885 | ||
| 090 |
_a11184606 _c11184606 |
||
| 100 | _a20180320d2017 u y0rusy50 ca | ||
| 101 | 0 | _arus | |
| 102 | _aRU | ||
| 105 | _aa|||z|||000gy | ||
| 200 | 1 |
_a"Если пристальней в детство вглядеться…" _eстихи _fАнатолий Гребнев |
|
| 210 |
_aКиров _cГерценка _d2017 |
||
| 215 |
_a87 с. _cил., цв. ил. _d20 |
||
| 333 | _a6+ | ||
| 686 |
_aШ5(2=Р)64-65я44 _2rubbk |
||
| 686 | 2 | _aШ6(2=Р)8-5 | |
| 700 | 1 |
_aГребнев _bА. Г. _f1941- _gАнатолий Григорьевич |
|
| 942 | _cBOOK | ||
| 980 | _aNBR | ||
| 980 | _aNB | ||